| 000 | 00765nam a2200229Ia 4500 | ||
|---|---|---|---|
| 001 | 21689 | ||
| 005 | 20260407083936.0 | ||
| 008 | 260320s9999||||xx |||||||||||||| ||und|| | ||
| 022 | _a23053259 | ||
| 041 | _aESP | ||
| 082 |
_aHR 346 JUL 2025 _bGCP |
||
| 110 | _aGaceta Jurídica | ||
| 245 | 0 |
_aGaceta civil & procesal civil : _binformación especializada para abogados y jueces |
|
| 260 |
_aLima : _bGaceta Jurídica _c2025 |
||
| 300 |
_a264 páginas : _bilustraciones ; _c25 cm. |
||
| 505 | _aTomo 145 / Julio 2025. | ||
| 650 | _aCIS | ||
| 653 | _aDerecho - Revista | ||
| 654 | _aCDE | ||
| 856 |
_uhttps://www-gacetajuridica-com-pe.ucsp.lookproxy.com/productos/gaceta-civil-procesal-civil/revistas-digitales _zVersión digital |
||
| 942 |
_cREV _dJUS _fMIP _2ddc |
||
| 999 |
_c21689 _d21689 |
||